[Event "USG Chemnitz-TSV Schott Mainz"]
[Site "Osnabrück"]
[Date "2012.12.29"]
[Round "6.1"]
[White "Endress, Anna"]
[Black "Nguyen Minh, Thuy"]
[Result "1-0"]
[WhiteElo "2143"]
[BlackElo "1976"]
[PlyCount "59"]
[EventDate "2012.??.??"]
[WhiteTeam "TSV Schott Mainz"]
[BlackTeam "USG Chemnitz"]

1. e4 e6 2. Nf3 d5 3. Nc3 Nf6 4. e5 Nfd7 5. d4 c5 6. dxc5 Nc6 7. Bf4 Be7 8. Bg3
Nxc5 9. Bd3 a6 10. O-O O-O 11. Re1 Qb6 12. Rb1 Nxd3 13. cxd3 f6 14. Na4 Qb4 15.
a3 Qa5 16. b4 Qd8 17. exf6 Rxf6 18. d4 Rg6 19. Rb2 h5 20. Qd3 Rh6 21. h4 Bd7
22. Nc5 Bxc5 23. bxc5 Qc8 24. Rd2 Ne7 25. Re5 Qc6 26. Bf4 Rg6 27. Rxh5 Rf8 28.
Ne5 Qb5 29. Qxb5 axb5 30. Bg5 1-0

[Event "USG Chemnitz-TSV Schott Mainz"]
[Site "Osnabrück"]
[Date "2012.12.29"]
[Round "6.2"]
[White "Blübaum, Johanna"]
[Black "Frey, Alisa"]
[Result "0-1"]
[WhiteElo "1804"]
[BlackElo "2053"]
[PlyCount "56"]
[EventDate "2012.??.??"]
[WhiteTeam "USG Chemnitz"]
[BlackTeam "TSV Schott Mainz"]

1. d4 Nf6 2. c4 g6 3. Nc3 d5 4. cxd5 Nxd5 5. e4 Nxc3 6. bxc3 Bg7 7. Bc4 c5 8.
Ne2 O-O 9. O-O Nc6 10. Be3 Bd7 11. Rb1 Qc7 12. dxc5 Na5 13. Bb3 Kh8 14. Bf4 e5
15. Be3 f5 16. Bg5 b5 17. c4 Bc6 18. exf5 gxf5 19. Qd6 Qf7 20. h4 Rae8 21. Rbc1
f4 22. Nc3 Re6 23. Qd2 Nxb3 24. axb3 h6 25. Bd8 f3 26. g3 Rg6 27. Ba5 Qf5 28.
Kh2 Bd7 0-1

[Event "USG Chemnitz-TSV Schott Mainz"]
[Site "Osnabrück"]
[Date "2012.12.29"]
[Round "6.4"]
[White "Scheibe, Lydia"]
[Black "Voss, Chantal"]
[Result "0-1"]
[WhiteElo "1105"]
[BlackElo "1821"]
[PlyCount "58"]
[EventDate "2012.??.??"]
[WhiteTeam "USG Chemnitz"]
[BlackTeam "TSV Schott Mainz"]

1. e4 e6 2. d4 d5 3. Bd3 Nf6 4. Nc3 Be7 5. e5 Nfd7 6. Nf3 a6 7. a3 c5 8. dxc5
Nc6 9. Bf4 Bxc5 10. O-O f6 11. Re1 O-O 12. exf6 Nxf6 13. h3 b5 14. Ng5 e5 15.
Bxe5 Bxf2+ 16. Kxf2 Ng4+ 17. Kg3 Qxg5 18. hxg4 Nxe5 19. Be2 Be6 20. Nxd5 Rad8
21. c4 bxc4 22. Bxc4 Nxc4 23. Rxe6 Rxd5 24. Qe2 Qf4+ 25. Kh3 Rd2 26. Qe1 g6 27.
Qh4 Rd3+ 28. g3 g5 29. Qh5 Qxg3# 0-1

[Event "SpVgg 1946 Stetten-SC Ladja Roßdorf"]
[Site "Osnabrück"]
[Date "2012.12.29"]
[Round "6.2"]
[White "Mehling, Franziska"]
[Black "Tran, My Linh"]
[Result "0-1"]
[WhiteElo "1713"]
[BlackElo "2002"]
[PlyCount "86"]
[EventDate "2012.??.??"]
[WhiteTeam "SpVgg 1946 Stetten"]
[BlackTeam "SC Ladja Roßdorf"]

1. d4 Nf6 2. c4 c5 3. d5 b5 4. Nd2 b4 5. e4 d6 6. Bd3 g6 7. b3 Bg7 8. Bb2 Nbd7
9. Ngf3 O-O 10. O-O a5 11. Qc2 Nh5 12. Bxg7 Nxg7 13. Rfe1 Ne5 14. Nxe5 dxe5 15.
Nf3 f6 16. Qe2 Bg4 17. h3 Bd7 18. Qe3 Qc7 19. Red1 Qd6 20. Ne1 Nh5 21. Bf1 Nf4
22. Nd3 Nxd3 23. Qxd3 Ra6 24. Be2 a4 25. Qd2 Rfa8 26. Qb2 axb3 27. axb3 Ra3 28.
Rdb1 R8a5 29. Rxa3 Rxa3 30. Ra1 Qa6 31. Rxa3 bxa3 32. Qa2 Qa5 33. Kf1 f5 34. f3
Kf7 35. Bd1 e6 36. Ke2 exd5 37. exd5 f4 38. Kf2 Bf5 39. Be2 Kf6 40. Kf1 Bc2 41.
Kf2 h6 42. Bf1 Qc3 43. Be2 Qb2 0-1

[Event "Chemnitzer SC Aufbau'95-SC Leipzig-Linde"]
[Site "Osnabrück"]
[Date "2012.12.29"]
[Round "6.1"]
[White "Evers, Annika"]
[Black "Kaden, Romy"]
[Result "1-0"]
[WhiteElo "1842"]
[BlackElo "1628"]
[PlyCount "37"]
[EventDate "2012.??.??"]
[WhiteTeam "SC Leipzig-Lindenau"]
[BlackTeam "Chemnitzer SC Aufbau'95"]

1. e4 c5 2. Nf3 d6 3. d4 cxd4 4. Nxd4 Nf6 5. Nc3 g6 6. Be3 Bg7 7. f3 O-O 8. Qd2
Nbd7 9. O-O-O Nc5 10. g4 a5 11. h4 Bd7 12. h5 a4 13. hxg6 fxg6 14. Qh2 a3 15.
b3 Rc8 16. Bc4+ Kh8 17. Nd5 h5 18. Nf4 Qe8 19. gxh5 1-0

[Event "Chemnitzer SC Aufbau'95-SC Leipzig-Linde"]
[Site "Osnabrück"]
[Date "2012.12.29"]
[Round "6.2"]
[White "Nitzsche, Pia"]
[Black "Spangenberg, Romy"]
[Result "1/2-1/2"]
[WhiteElo "1649"]
[BlackElo "1623"]
[PlyCount "43"]
[EventDate "2012.??.??"]
[WhiteTeam "Chemnitzer SC Aufbau'95"]
[BlackTeam "SC Leipzig-Lindenau"]

1. e4 e5 2. Nf3 Nc6 3. Bc4 Nf6 4. d4 d6 5. dxe5 Nxe5 6. Nxe5 dxe5 7. Qxd8+ Kxd8
8. Bxf7 Nxe4 9. f3 Nd6 10. Bg5+ Be7 11. Bxe7+ Kxe7 12. Bb3 Be6 13. Bxe6 Kxe6
14. Nc3 Rad8 15. O-O-O Nf7 16. Rxd8 Rxd8 17. Rd1 Rxd1+ 18. Kxd1 Kf5 19. Kd2 Ng5
20. Ke3 a6 21. Nd5 c6 22. Nc3 1/2-1/2

[Event "Chemnitzer SC Aufbau'95-SC Leipzig-Linde"]
[Site "Osnabrück"]
[Date "2012.12.29"]
[Round "6.3"]
[White "Spangenberg, Pia"]
[Black "Fischer, Franziska"]
[Result "1/2-1/2"]
[WhiteElo "1543"]
[BlackElo "1561"]
[PlyCount "47"]
[EventDate "2012.??.??"]
[WhiteTeam "SC Leipzig-Lindenau"]
[BlackTeam "Chemnitzer SC Aufbau'95"]

1. d4 d5 2. Nf3 Nf6 3. e3 e6 4. Bd3 c5 5. b3 Bd6 6. Bb2 b6 7. O-O O-O 8. Ne5
Bb7 9. f4 Nbd7 10. c4 dxc4 11. bxc4 Ne4 12. Nd2 Nxd2 13. Qxd2 f5 14. Rad1 cxd4
15. exd4 Nxe5 16. fxe5 Be7 17. Kh1 Rc8 18. d5 exd5 19. cxd5 Qxd5 20. Bxf5 Qxd2
21. Rxd2 Be4 22. Be6+ Kh8 23. Rxf8+ Rxf8 24. Bc4 1/2-1/2

[Event "SV Lingen-TTC Grün-Weiß Fritzdorf"]
[Site "Osnabrück"]
[Date "2012.12.29"]
[Round "6.3"]
[White "Sturm, Johanna"]
[Black "Schlichter, Lisa"]
[Result "0-1"]
[WhiteElo "1430"]
[BlackElo "1518"]
[PlyCount "110"]
[EventDate "2012.??.??"]
[WhiteTeam "TTC Grün-Weiß Fritzdorf"]
[BlackTeam "SV Lingen"]

1. e4 c5 2. Nf3 Nc6 3. Nc3 g6 4. d4 cxd4 5. Nxd4 Bg7 6. Be3 Nf6 7. Bc4 Qa5 8.
O-O O-O 9. Nf3 d6 10. h3 Qb4 11. Bb3 Nxe4 12. Nxe4 Qxe4 13. c3 Bd7 14. Re1 Qf5
15. Qd5 Qxd5 16. Bxd5 e6 17. Bb3 Rfd8 18. Rad1 d5 19. Bc2 a6 20. Nd4 e5 21.
Nxc6 Bxc6 22. Bg5 f6 23. Bh4 Re8 24. Bb3 Rad8 25. f3 Kh8 26. Bc2 Rd7 27. Rd2
Bh6 28. Bxf6+ Kg8 29. Rde2 Kf7 30. Bh4 Bg7 31. Bb3 Kf8 32. a3 Rd6 33. Rd1 d4
34. cxd4 exd4 35. Rxe8+ Bxe8 36. Re1 Bf6 37. Bxf6 Rxf6 38. Rd1 Rd6 39. f4 Bb5
40. Kf2 Ke7 41. g4 Kf6 42. Kg3 a5 43. g5+ Ke7 44. h4 Kf8 45. Bc2 d3 46. Bb1 d2
47. Bc2 Be2 48. Rg1 d1=Q 49. Bxd1 Bxd1 50. Rf1 Bc2 51. Rf2 Bf5 52. Rh2 Rd3+ 53.
Kf2 Rd2+ 54. Kg3 Rxh2 55. Kxh2 Ke7 0-1

[Event "SV Lingen-TTC Grün-Weiß Fritzdorf"]
[Site "Osnabrück"]
[Date "2012.12.29"]
[Round "6.4"]
[White "Möller, Hannah"]
[Black "Jentsch, Jasmin"]
[Result "1-0"]
[WhiteElo "1339"]
[BlackElo "1324"]
[PlyCount "67"]
[EventDate "2012.??.??"]
[WhiteTeam "SV Lingen"]
[BlackTeam "TTC Grün-Weiß Fritzdorf"]

1. c4 e5 2. Nc3 Nc6 3. g3 g6 4. Bg2 Bg7 5. Nf3 Nf6 6. O-O O-O 7. d3 h6 8. Bd2
d6 9. Qc1 h5 10. Bh6 Bxh6 11. Qxh6 Ng4 12. Qd2 Kg7 13. a3 a5 14. Rab1 Re8 15.
b4 Ne7 16. Rbd1 d5 17. c5 c6 18. h3 Nf6 19. Nxe5 Nf5 20. Nf3 Nh6 21. Rfe1 axb4
22. axb4 b5 23. Nd4 Bd7 24. e4 dxe4 25. dxe4 Rc8 26. e5 Nfg8 27. Ndxb5 cxb5 28.
Qxd7 Qxd7 29. Rxd7 Nf5 30. Nxb5 Rb8 31. Nc7 Re7 32. Rxe7 Ngxe7 33. b5 Kf8 34.
b6 1-0

[Event "SC Réti Heusweiler-SF Paderborn 2000"]
[Site "Osnabrück"]
[Date "2012.12.29"]
[Round "6.1"]
[White "Höschen, Franziska"]
[Black "Sonnhalter, Stella"]
[Result "0-1"]
[WhiteElo "1572"]
[BlackElo "1817"]
[PlyCount "110"]
[EventDate "2012.??.??"]
[WhiteTeam "SF Paderborn 2000"]
[BlackTeam "SC Réti Heusweiler"]

1. e4 c5 2. Nc3 Nc6 3. g3 g6 4. Bg2 Bg7 5. d3 e6 6. Be3 d6 7. Qd2 Rb8 8. Nf3 b5
9. Rb1 Bd7 10. O-O Nge7 11. Bh6 O-O 12. Bxg7 Kxg7 13. d4 b4 14. Ne2 c4 15. c3
d5 16. e5 a5 17. Qg5 Nf5 18. Qxd8 Rfxd8 19. Nf4 a4 20. Ne2 Rb7 21. Nd2 f6 22.
exf6+ Kxf6 23. a3 bxa3 24. bxa3 Rdb8 25. Rxb7 Rxb7 26. Rb1 Rxb1+ 27. Nxb1 Na5
28. Nd2 Nb3 29. Nf3 Na1 30. Ne1 Nd6 31. Bf3 Nb5 32. Kf1 Nxa3 33. Nc1 Nb1 34.
Na2 Nd2+ 35. Ke2 Nxf3 36. Nxf3 a3 37. Kd2 Ba4 38. Kc1 Nb3+ 39. Kb1 Na5 40. Ne1
Nc6 41. Nc2 Bxc2+ 42. Kxc2 e5 43. dxe5+ Kxe5 44. f3 d4 45. cxd4+ Nxd4+ 46. Kc3
Nxf3 47. Kxc4 Nxh2 48. Kb3 Nf1 49. g4 Kf4 50. Kxa3 Kxg4 51. Nc3 h5 52. Ne4 h4
53. Kb3 h3 54. Nf2+ Kg3 55. Nxh3 Kxh3 0-1

[Event "SC Réti Heusweiler-SF Paderborn 2000"]
[Site "Osnabrück"]
[Date "2012.12.29"]
[Round "6.2"]
[White "Orhan, Eda"]
[Black "Bünte, Ellen"]
[Result "1-0"]
[WhiteElo "1580"]
[BlackElo "1397"]
[PlyCount "79"]
[EventDate "2012.??.??"]
[WhiteTeam "SC Réti Heusweiler"]
[BlackTeam "SF Paderborn 2000"]

1. d4 g6 2. Nf3 Bg7 3. c4 d6 4. Nc3 Nf6 5. e4 O-O 6. Be2 c5 7. d5 Bd7 8. Bd2
Na6 9. Rb1 Nc7 10. a3 a5 11. b4 axb4 12. axb4 b6 13. O-O e5 14. Ne1 Kh8 15. f4
Ng8 16. f5 Bh6 17. Bxh6 Nxh6 18. Qd2 Ng8 19. Bg4 Qh4 20. Bh3 Qh6 21. Qxh6 Nxh6
22. bxc5 bxc5 23. Rb7 Rfc8 24. fxg6 Bxh3 25. gxh3 hxg6 26. Rf6 Ra1 27. Rb1 Ne8
28. Rxa1 Nxf6 29. Ra6 Rd8 30. Nf3 Kg7 31. Kf2 Rd7 32. Ke3 Kf8 33. Nxe5 Rd8 34.
Nf3 Ke7 35. e5 Nf5+ 36. Kd3 Nh5 37. Ke4 dxe5 38. Nxe5 Nd6+ 39. Kf3 Rb8 40. Nc6+
1-0

[Event "SC Réti Heusweiler-SF Paderborn 2000"]
[Site "Osnabrück"]
[Date "2012.12.29"]
[Round "6.3"]
[White "Schrödter, Lisa"]
[Black "Brühan, Caren"]
[Result "0-1"]
[WhiteElo "1091"]
[BlackElo "1446"]
[PlyCount "80"]
[EventDate "2012.??.??"]
[WhiteTeam "SF Paderborn 2000"]
[BlackTeam "SC Réti Heusweiler"]

1. e4 c5 2. Nc3 Nc6 3. g3 g6 4. Bg2 Bg7 5. Nge2 Nf6 6. d3 O-O 7. Be3 b6 8. Qc1
Re8 9. O-O Qc7 10. Rb1 Bb7 11. Nb5 Qc8 12. c4 d6 13. a3 Qd7 14. b4 e6 15. Nf4
Ne7 16. Nc3 cxb4 17. axb4 d5 18. exd5 exd5 19. Nce2 dxc4 20. dxc4 Bxg2 21. Kxg2
Nf5 22. Rd1 Nxe3+ 23. fxe3 Qc6+ 24. Kf2 Ng4+ 25. Kg1 Nxe3 26. Rf1 Nxf1 27. Kxf1
Qh1+ 28. Ng1 Qxh2 29. Nfe2 Re7 30. Qd2 Rae8 31. Re1 Qh5 32. Qd3 Qf5+ 33. Qxf5
gxf5 34. Kf2 Bd4+ 35. Kf1 Bxg1 36. Kxg1 Rxe2 37. Rf1 Rc2 38. Rf4 Re1+ 39. Rf1
Rxf1+ 40. Kxf1 Rxc4 0-1

[Event "SC 1979 Hattersheim-SG Blau-Weiß 1948 Le"]
[Site "Osnabrück"]
[Date "2012.12.29"]
[Round "6.4"]
[White "Heyd, Julia"]
[Black "Wolff, Marie Antoinette"]
[Result "1-0"]
[WhiteElo "885"]
[BlackElo "1130"]
[PlyCount "59"]
[EventDate "2012.??.??"]
[WhiteTeam "SC 1979 Hattersheim"]
[BlackTeam "SG Blau-Weiß 1948 Leegebruch"]

1. e4 c5 2. Nc3 Nc6 3. Bb5 g6 4. Bxc6 bxc6 5. f4 e6 6. d3 Bg7 7. Nf3 Ne7 8. O-O
O-O 9. Qe1 Qb6 10. Kh1 Bb7 11. Qh4 Qd8 12. Ne2 d5 13. Ng3 Qd7 14. Rb1 Ba6 15.
Re1 c4 16. dxc4 Bxc4 17. b3 Ba6 18. Ba3 Rfe8 19. Bb2 dxe4 20. Nxe4 Nf5 21. Nf6+
Bxf6 22. Qxf6 Kf8 23. Rbd1 Qb7 24. Ng5 e5 25. fxe5 c5 26. c4 Rec8 27. e6 Rc6
28. e7+ Nxe7 29. Qh8+ Ng8 30. Bg7# 1-0

[Event "SpVgg 1946 Stetten-SC Ladja Roßdorf"]
[Site "Osnabrück"]
[Date "2012.12.29"]
[Round "6.4"]
[White "Schneider, Jana"]
[Black "Görisch, Annika"]
[Result "1-0"]
[WhiteElo "1631"]
[BlackElo "825"]
[PlyCount "35"]
[EventDate "2012.??.??"]
[WhiteTeam "SpVgg 1946 Stetten"]
[BlackTeam "SC Ladja Roßdorf"]

1. e4 e5 2. Nf3 Nc6 3. Bc4 Nf6 4. d3 g6 5. Bg5 Bg7 6. d4 O-O 7. dxe5 Nxe5 8.
Nxe5 Re8 9. Bxf7+ Kf8 10. Bxe8 Qxe8 11. Nf3 Qxe4+ 12. Qe2 Qb4+ 13. c3 Qg4 14.
Bxf6 Bxf6 15. O-O b6 16. Nbd2 c5 17. Qe4 Qh5 18. Qxa8 1-0

[Event "Chemnitzer SC Aufbau'95-SC Leipzig-Linde"]
[Site "Osnabrück"]
[Date "2012.12.29"]
[Round "6.4"]
[White "Hartewig, Anja"]
[Black "Knöchel, Sarah"]
[Result "1-0"]
[WhiteElo "1611"]
[BlackElo "1249"]
[PlyCount "99"]
[EventDate "2012.??.??"]
[WhiteTeam "Chemnitzer SC Aufbau'95"]
[BlackTeam "SC Leipzig-Lindenau"]

1. d4 d5 2. c4 c6 3. Nf3 Nf6 4. g3 Bf5 5. Bg2 e6 6. O-O Be7 7. Nbd2 O-O 8. b3
Nbd7 9. Bb2 Rc8 10. Re1 c5 11. cxd5 exd5 12. Rc1 Re8 13. Ne5 Bd6 14. Nxd7 Qxd7
15. dxc5 Bxc5 16. Bxf6 gxf6 17. Nf3 Bh3 18. Bxh3 Qxh3 19. Qxd5 b6 20. Qd2 Kh8
21. Qf4 Qe6 22. Nh4 Bd6 23. Qd2 Rxc1 24. Rxc1 Qxe2 25. Qxe2 Rxe2 26. Rc8+ Kg7
27. Nf5+ Kg6 28. Nxd6 Rxa2 29. Rc7 a5 30. Rb7 Rb2 31. Rxb6 a4 32. Nc4 Rb1+ 33.
Kg2 axb3 34. Nd2 Rb2 35. Nxb3 h6 36. Rb5 Re2 37. Nd4 Re7 38. Nf5 Re5 39. Nh4+
Kg7 40. Rxe5 fxe5 41. Kf3 Kf6 42. Ke4 Ke6 43. Nf5 h5 44. Ng7+ Kf6 45. Nxh5+ Kg6
46. Kxe5 Kxh5 47. Kf6 Kg4 48. Kxf7 Kf3 49. h4 Kg4 50. f4 1-0

[Event "SC 1979 Hattersheim-SG Blau-Weiß 1948 Le"]
[Site "Osnabrück"]
[Date "2012.12.29"]
[Round "6.3"]
[White "Sauer, Annika"]
[Black "Goldhausen, Nina"]
[Result "1/2-1/2"]
[WhiteElo "1341"]
[BlackElo "1093"]
[PlyCount "112"]
[EventDate "2012.??.??"]
[WhiteTeam "SG Blau-Weiß 1948 Leegebruch"]
[BlackTeam "SC 1979 Hattersheim"]

1. d4 d5 2. Nf3 Nf6 3. Bg5 Nbd7 4. e3 e6 5. c4 c6 6. Nc3 Qa5 7. a3 Ne4 8. Qc2
Nxc3 9. b4 Qc7 10. Qxc3 dxc4 11. Bxc4 b6 12. O-O c5 13. Bb5 Bd6 14. Rac1 O-O
15. Bxd7 Bxd7 16. bxc5 Rac8 17. Qb4 bxc5 18. dxc5 Bxc5 19. Rxc5 Qxc5 20. Qxc5
Rxc5 21. Be7 Rfc8 22. Bxc5 Rxc5 23. Rd1 h6 24. g3 Bc6 25. Nd4 Bb7 26. h4 Rd5
27. Rb1 Rd7 28. Nb3 Bc6 29. Rc1 Bf3 30. Nd4 Bb7 31. Kf1 Kf8 32. Ke1 Ke8 33. Rd1
a6 34. Nb3 Rxd1+ 35. Kxd1 Kd7 36. Na5 Kc7 37. Kd2 Bd5 38. Kc3 Kb6 39. Kb4 g6
40. a4 g5 41. hxg5 hxg5 42. f4 gxf4 43. exf4 f5 44. Nc4+ Bxc4 45. Kxc4 a5 46.
Kd4 Kc6 47. Ke5 Kd7 48. Kd4 Kd6 49. Kd3 Kd5 50. Kc3 Kc5 51. Kb3 Kb6 52. Kc4 Kc6
53. Kd4 Kd6 54. Kc4 Kc6 55. Kd4 Kd6 56. Kc4 Kc6 1/2-1/2

[Event "SpVgg 1946 Stetten-SC Ladja Roßdorf"]
[Site "Osnabrück"]
[Date "2012.12.29"]
[Round "6.1"]
[White "Schulz, Anja"]
[Black "Wisheckel, Lena"]
[Result "1-0"]
[WhiteElo "2066"]
[BlackElo "1876"]
[PlyCount "129"]
[EventDate "2012.??.??"]
[WhiteTeam "SC Ladja Roßdorf"]
[BlackTeam "SpVgg 1946 Stetten"]

1. e4 e5 2. Nf3 Nf6 3. Nxe5 d6 4. Nf3 Nxe4 5. Nc3 Nxc3 6. dxc3 Be7 7. Be3 Be6
8. Qd2 Qd7 9. Bd3 Nc6 10. h4 O-O-O 11. O-O-O Ne5 12. Ng5 Nc4 13. Bxc4 Bxc4 14.
Qd4 Bxg5 15. hxg5 Be6 16. Qxa7 Qc6 17. a3 Qxg2 18. Qd4 Rdg8 19. Rh4 Qc6 20. Qd3
Qd7 21. Rxh7 Bf5 22. Rxh8 Rxh8 23. Qd4 Rh7 24. c4 Qa4 25. Qc3 Rh4 26. b3 Qxa3+
27. Kd2 Qa6 28. Ra1 Qc6 29. Ra8+ Kd7 30. Qxg7 Bg6 31. Qf6 Qe4 32. Qd8+ Kc6 33.
Qe8+ Qxe8 34. Rxe8 Kd7 35. Rb8 b6 36. Kc3 Re4 37. Ra8 Re8 38. Ra7 Kc8 39. b4
Kb8 40. Ra1 Kb7 41. c5 dxc5 42. bxc5 bxc5 43. Bxc5 Re2 44. Ra2 Re5 45. Be3 Re4
46. Kb3 Bf5 47. c4 Kc6 48. Ra6+ Kd7 49. c5 Be6+ 50. Kc3 Rc4+ 51. Kd3 Rb4 52.
Ra7 Kc6 53. Ra8 Kd7 54. Rg8 Ke7 55. Bd4 Kd7 56. Rg7 Kc6 57. Ke4 Rb1 58. Ke5 Rd1
59. g6 fxg6 60. Rxg6 Kd7 61. Rxe6 Rxd4 62. Kxd4 Kxe6 63. f4 c6 64. Ke4 Kf6 65.
f5 1-0

[Event "SpVgg 1946 Stetten-SC Ladja Roßdorf"]
[Site "Osnabrück"]
[Date "2012.12.29"]
[Round "6.3"]
[White "Schmalhorst, Sophia"]
[Black "Mehling, Katharina"]
[Result "1-0"]
[WhiteElo "1912"]
[BlackElo "1728"]
[PlyCount "103"]
[EventDate "2012.??.??"]
[WhiteTeam "SC Ladja Roßdorf"]
[BlackTeam "SpVgg 1946 Stetten"]

1. e4 e6 2. d4 d5 3. Nc3 Nf6 4. exd5 Nxd5 5. Nf3 Bb4 6. Bd2 Nxc3 7. bxc3 Bd6 8.
Bd3 Nd7 9. O-O h6 10. Re1 O-O 11. Rb1 c5 12. Ne5 Qc7 13. Qe2 Rb8 14. h3 b6 15.
Nxd7 Qxd7 16. Qe4 f5 17. Qe2 Kh8 18. Bc4 Rf6 19. Rbd1 Rg6 20. Qh5 Qf7 21. Qe2
Bb7 22. f3 Bd5 23. Be3 cxd4 24. cxd4 Rc8 25. Bb3 Rc3 26. Rd3 Rxd3 27. cxd3 Qb7
28. Bxd5 exd5 29. Bf2 Rf6 30. Qe8+ Kh7 31. Re6 Qb8 32. Qd7 Qc7 33. Qxc7 Bxc7
34. Re7 Bb8 35. Rb7 Bd6 36. Rxa7 Bb4 37. Rd7 Rd6 38. Rxd6 Bxd6 39. g4 f4 40.
Kf1 Kg8 41. Ke2 Kf7 42. Kd2 Ke6 43. Kc3 Kd7 44. Kb3 Kc6 45. Be1 Kb5 46. h4 g6
47. h5 g5 48. a4+ Kc6 49. Bb4 Kc7 50. Bxd6+ Kxd6 51. Kb4 Kc6 52. a5 1-0

[Event "SV Lingen-TTC Grün-Weiß Fritzdorf"]
[Site "Osnabrück"]
[Date "2012.12.29"]
[Round "6.2"]
[White "Edel, Fenja"]
[Black "Bachem, Lisa"]
[Result "1/2-1/2"]
[WhiteElo "1517"]
[BlackElo "1541"]
[PlyCount "131"]
[EventDate "2012.??.??"]
[WhiteTeam "SV Lingen"]
[BlackTeam "TTC Grün-Weiß Fritzdorf"]

1. e4 c5 2. Nc3 d6 3. f4 Nf6 4. Bb5+ Bd7 5. Bxd7+ Qxd7 6. Nf3 Qg4 7. Nb5 Na6 8.
O-O Nxe4 9. Re1 Qd7 10. Nxa7 Nxd2 11. Bxd2 Rxa7 12. Bc3 Nc7 13. b3 Qf5 14. Qxd6
Qd7 15. Qxc5 Ra6 16. Rad1 e6 17. Qg5 Rd6 18. Rxd6 Qxd6 19. Qa5 Qc5+ 20. Qxc5
Bxc5+ 21. Kh1 O-O 22. Rd1 Nd5 23. Bd2 Bb4 24. g3 h6 25. c4 Nc3 26. Bxc3 Bxc3
27. Rd7 Rb8 28. Ne5 f6 29. Nd3 e5 30. fxe5 fxe5 31. Nc5 b5 32. Ne4 Bd4 33. cxb5
Rxb5 34. Rd8+ Kh7 35. Rd7 Rb6 36. Nd2 Bc3 37. Nc4 Re6 38. Rd6 Re7 39. Kg2 Ra7
40. a4 Rb7 41. Rb6 Re7 42. Kf3 Bd4 43. Rd6 e4+ 44. Ke2 Bg1 45. h3 Bh2 46. Rd4
Bg1 47. Rd1 Bc5 48. Rd5 Bg1 49. Re5 Rb7 50. Nd2 Bh2 51. Kf2 Rc7 52. Rxe4 Rc2
53. Re2 Rc3 54. Nf3 Rxb3 55. Nxh2 Ra3 56. Re4 Ra2+ 57. Kg1 Ra3 58. Nf1 Ra1 59.
Kf2 Kg6 60. Ne3 Kf6 61. g4 g6 62. Nd5+ Kg5 63. Kg3 Rg1+ 64. Kh2 Ra1 65. Re5+
Kh4 66. Ne3 1/2-1/2

[Event "SC 1979 Hattersheim-SG Blau-Weiß 1948 Le"]
[Site "Osnabrück"]
[Date "2012.12.29"]
[Round "6.1"]
[White "Reck, Jessica"]
[Black "Wilke, Tabea"]
[Result "1/2-1/2"]
[WhiteElo "1288"]
[BlackElo "1430"]
[PlyCount "86"]
[EventDate "2012.??.??"]
[WhiteTeam "SG Blau-Weiß 1948 Leegebruch"]
[BlackTeam "SC 1979 Hattersheim"]

1. d4 d5 2. c4 e6 3. Nf3 Nf6 4. Bf4 c5 5. e3 Nc6 6. Nc3 cxd4 7. exd4 Qa5 8. a3
Ne4 9. Bd2 Nxc3 10. Bxc3 Qc7 11. Qb3 dxc4 12. Bxc4 b6 13. O-O Bd6 14. d5 Ne5
15. Nxe5 Bxe5 16. Bxe5 Qxe5 17. Rfe1 Qg5 18. dxe6 f6 19. Bd5 Rb8 20. Bc6+ Ke7
21. Rad1 a5 22. Rd5 Qf4 23. g3 Qc7 24. Bd7 Bb7 25. Rd3 Rhd8 26. Rc3 Qd6 27. Rd1
Qe5 28. a4 f5 29. Qa3+ Kf6 30. Re3 Qc7 31. Qd6 Qxd6 32. Rxd6 Ke7 33. Rxb6 Be4
34. Reb3 Rxb6 35. Rxb6 Bf3 36. Rb5 g6 37. Rxa5 Be2 38. Rc5 Rb8 39. Rc2 Bd1 40.
Rd2 Bb3 41. Re2 Bd1 42. Rd2 Bb3 43. Rd3 Bc2 1/2-1/2

[Event "SC 1979 Hattersheim-SG Blau-Weiß 1948 Le"]
[Site "Osnabrück"]
[Date "2012.12.29"]
[Round "6.2"]
[White "Rosmanitz, Anna"]
[Black "Reyher, Susan"]
[Result "0-1"]
[WhiteElo "1377"]
[BlackElo "1332"]
[PlyCount "98"]
[EventDate "2012.??.??"]
[WhiteTeam "SC 1979 Hattersheim"]
[BlackTeam "SG Blau-Weiß 1948 Leegebruch"]

1. e4 e5 2. Nf3 Nc6 3. Bb5 Bc5 4. d3 d6 5. c3 a6 6. Ba4 b5 7. Bb3 Bg4 8. Bxf7+
Kxf7 9. Ng5+ Qxg5 10. Bxg5 Bxd1 11. Kxd1 Nf6 12. Rf1 Rhf8 13. Nd2 Kg8 14. Kc2
Ng4 15. f3 Ne3+ 16. Bxe3 Bxe3 17. Nb3 Bb6 18. Rad1 a5 19. Nc1 b4 20. Ne2 bxc3
21. Nxc3 Nd4+ 22. Kb1 Rfb8 23. Na4 Rb7 24. Rd2 Rab8 25. Rc1 Nb5 26. Nxb6 Rxb6
27. Ka1 c5 28. g3 g5 29. Rf2 Rf8 30. Rcf1 Rb7 31. Kb1 Rbf7 32. Kc1 Nd4 33. f4
exf4 34. g4 h6 35. h3 Rh7 36. Kd2 h5 37. Kc3 hxg4 38. hxg4 Rh4 39. Rg1 Rh3 40.
Kd2 Nf3+ 41. Rxf3 Rxf3 42. Ke2 Rg3 43. Rf1 Rxg4 44. Kf3 Rg3+ 45. Kf2 Rxd3 46.
Rg1 Rg3 47. Rf1 Re8 48. Re1 Re3 49. Rg1 Re5 0-1